000 01067nam a2200313Ia 4500
001 Para_1369
003 CHAP
008 220125s1999 xx 000 0 und d
010 _a200077
040 _cCHAP
090 _aPA TESIS 1310
100 _aMartínez Cruz, Leonel
_971952
245 _aEspecies de Aleyrodidae, su dinámica poblacional distribución vertical y validación de un modelo de unidades calor en Nochebuena, en Xochimilco, D.F. /
_c por Leonel Cruz Martínez
260 _aChapingo, Méx. :
_b El autor
300 _a116 h.
502 _aTesis (M.C. en Protección Vegetal), UACh. Depto. Parasitología
650 _aBemisia tabaci
_911496
650 _aFlores
_x plagas
_941398
650 _aNoche buena
_9164347
650 _aPlantas ornamentales
_x plagas
_989072
710 _aUACh. Departamento de Parasitología Agrícola
_9115877
901 _aPA TESIS 1310
902 _aA
905 _a0000001999 d 0000000000 00
910 _a1999
942 _cPARA
942 _cPARA
_d1
999 _c200077
_d200077